<?xml version="1.0" encoding="UTF-8"?>
<collection xmlns="http://www.loc.gov/MARC21/slim">
 <record>
  <leader>01345pamaa2200253   4500</leader>
  <controlfield tag="001">0000045069</controlfield>
  <controlfield tag="005">20130821090000.0</controlfield>
  <controlfield tag="008">130822s202011                             eng  </controlfield>
  <datafield tag="020" ind1="0" ind2="0">
   <subfield code="a">9780670022533 (pbk.) </subfield>
  </datafield>
  <datafield tag="020" ind1="0" ind2="0">
   <subfield code="a">9780143120445 (pbk.) </subfield>
  </datafield>
  <datafield tag="090" ind1="0" ind2="0">
   <subfield code="a">PS3557.E49 </subfield>
   <subfield code="b">GEO 2011</subfield>
  </datafield>
  <datafield tag="100" ind1="1" ind2="0">
   <subfield code="a">George </subfield>
  </datafield>
  <datafield tag="245" ind1="1" ind2="0">
   <subfield code="a">Elizabeth I  </subfield>
   <subfield code="c">Margaret George.</subfield>
  </datafield>
  <datafield tag="260" ind1="0" ind2="0">
   <subfield code="a">New York: </subfield>
   <subfield code="b">Viking, </subfield>
   <subfield code="c">2011.</subfield>
  </datafield>
  <datafield tag="300" ind1=" " ind2=" ">
   <subfield code="a">671 p.; </subfield>
   <subfield code="c">25 cm.</subfield>
  </datafield>
  <datafield tag="504" ind1="0" ind2="0">
   <subfield code="a">Includes bibliographical references</subfield>
  </datafield>
  <datafield tag="505" ind1="0" ind2="0">
   <subfield code="a">Elizabeth's rival for the love of Robert Dudley, Earl of Leicester, and mother to the Earl of Essex, the mercurial nobleman who challenged Elizabeth's throne, Lettice Knollys had been intertwined with Elizabeth since childhood. They are both women of fierce intellect and desire: one trying to protect her country, and throne, the other trying to regain power and position for her family and each vying to convince the reader of her own private vision of the truth</subfield>
  </datafield>
  <datafield tag="600" ind1="0" ind2="0">
   <subfield code="a">Elizabeth I, </subfield>
   <subfield code="c">Queen of England, </subfield>
   <subfield code="d">1533-1603</subfield>
  </datafield>
  <datafield tag="600" ind1="0" ind2="0">
   <subfield code="a">Leicester, Lettice Dudley, </subfield>
   <subfield code="c">Countess of, </subfield>
   <subfield code="d">1543-1634</subfield>
  </datafield>
  <datafield tag="600" ind1="0" ind2="0">
   <subfield code="a">Leicester, Robert Dudley, </subfield>
   <subfield code="c">Earl of, </subfield>
   <subfield code="d">1532?-1588</subfield>
  </datafield>
  <datafield tag="650" ind1="0" ind2="0">
   <subfield code="a">Historical fiction </subfield>
  </datafield>
  <datafield tag="650" ind1="0" ind2="0">
   <subfield code="a">Great Britain -- </subfield>
   <subfield code="x">History -- </subfield>
   <subfield code="x">Fiction -- </subfield>
   <subfield code="y">Elizabeth, 1558-1603 </subfield>
  </datafield>
  <datafield tag="650" ind1="0" ind2="0">
   <subfield code="a">Queens -- </subfield>
   <subfield code="x">Fiction -- </subfield>
   <subfield code="z">Great Britain </subfield>
  </datafield>
  <datafield tag="901" ind1=" " ind2=" ">
   <subfield code="u">http://www.penguin.com</subfield>
  </datafield>
 </record>
</collection>
